LIBRARY & INFORMATION CENTRE, KCAET, TAVANUR

ONLINE PUBLIC ACCESS CATALOGUE (OPAC)

Tractor and small engine maintenance / (Record no. 9937)

MARC details
000 -LEADER
fixed length control field 00521cam a2200193ua 4500
020 ## - INTERNATIONAL STANDARD BOOK NUMBER
ISBN 0-8134-2258-2
041 ## - LANGUAGE CODE
Language code of text/sound track or separate title eng
082 ## - DEWEY DECIMAL CLASSIFICATION NUMBER
Classification number 631.372
Item number BRO/TR
100 ## - MAIN ENTRY--AUTHOR NAME
Personal name Brown, Arlon D .
245 ## - TITLE STATEMENT
Title Tractor and small engine maintenance /
250 ## - EDITION STATEMENT
Edition statement 1 /
260 ## - PUBLICATION, DISTRIBUTION, ETC. (IMPRINT)
Place of publication Illinois :
Name of publisher Interstate printers and publishers ,
Year of publication 1983.
300 ## - PHYSICAL DESCRIPTION
Number of Pages 383 ; .
700 1# - ADDED ENTRY--PERSONAL NAME
Personal name Mack, Strickland R .
942 ## - ADDED ENTRY ELEMENTS (KOHA)
Koha item type Books
Holdings
Withdrawn status Lost status Damaged status Home library Current library Date acquired Full call number Accession Number Koha item type
      KAUAET KAUAET 07/04/2012 631.372 15893 Books
free website counter